| 000 | 00452nam a22001691a 4500 | ||
|---|---|---|---|
| 020 | _a9788185133133 | ||
| 082 |
_aS 294.592 6 _bMAN/D |
||
| 245 |
_aDharma-Sastra or the hindus law codes (v.1)/ _cby Manmatha Nath Dutt(ed.) |
||
| 260 |
_aLucknow: _bEastern Book Company, _c1988. |
||
| 300 | _a466p. | ||
| 650 | _aDharmashastra | ||
| 650 | _aHinduism | ||
| 650 | _aHindu Law | ||
| 650 | _aReligion | ||
| 700 | _aManmatha Nath Dutt(ed.) | ||
| 942 | _cBK | ||
| 999 |
_c10504 _d10504 |
||